00461nam a2200133 a 45000010005000000030005000050050017000100080041000270400020000681100042000882450056001302600049001868560092002352854CDMR20250127121951.0130130s1926||||||||||||||||||||||||||||d aCDMRbcatcCDMR2 aAssociació de la Premsa de Sabadell10aMemòria c/ Associació de la Premsa de Sabadell aSabadellb: l'Associació, c[191-]-[193-]  uhttps://arca.bnc.cat/arcabib_pro/ca/consulta/registro.do?id=2748zAccés lliure (ARCA)